000 00535nam a2200169 a 4500
001 000025784
005 20200930024040.0
008 110217s1977 dr a r 000 | spa d
040 _aDO-SdBNP
_bspa
_cBNPHU
082 _axxxxx
_bW482t
100 1 _aWeor, Samael Aun,
_952586
245 1 4 _aLas tres montañas /
_cSamael Aun Weor; prólogo J. Enrique Batarse.
260 _a[s.l.] :
_b[s.n.],
_c1977.
_eSanto Domingo,
_fMoran
300 _a313 p. :
_bil. ;
_c17 cm.
700 1 _aBatarse, J. Enrique ,
_epról.
_ecomp.
_952587
049 _aBNGR
999 _c25276
_d25276